| 000 | 00570cam a22001451 4500 | ||
|---|---|---|---|
| 082 |
_a537 _bGIB _cL-tech,P-43 |
||
| 100 | 1 |
_aGibson, Charles R. _940036 |
|
| 245 | 1 | 0 |
_aModern conceptions of electricity; _ba lucid explanation of many of the latest theories concerning atoms, electrons & other matters relating to electricity, _cby Charles R. Gibson. |
| 260 |
_aPhiladelphia, _bJ.B. Lippincott company, _c1928. |
||
| 300 |
_a9-283 p. _billus. _c22 cm. |
||
| 526 |
_a0 _b0 _c0 _d537_000000000000000_GIB |
||
| 650 | 0 |
_aElectricity. _939895 |
|
| 650 | 0 |
_aMCE _9379 |
|
| 942 |
_2ddc _cBK |
||
| 999 |
_c544411 _d544411 |
||